000 00564cam a2200229 4500
001 J2127
008 090401t1993 xxu||||| |||| 00| 0 eng d
035 _a(Sirsi) u47336
041 _aeng
050 _a333.72
110 _aFIABCI
245 4 _aThe property industry and the environment.
260 _aParis
_bFIABCI
_c1993
300 _a162p. ; 30cm.
350 _a0
650 _aEARTH SUMMIT
650 _aINTERNATIONAL PROPERTY
650 _aPROPERTY INDUSTRY
690 _aENVIRONMENTAL AND LAND CONSULTANCY
942 _n0
948 _c04/03/1997
999 _c92104
_d92104